000 00518nam a2200169Ia 4500
003 GCL
008 140319s9999 xx 000 0 ara d
040 _aGCL /
_cGCL
082 0 4 _a811.6
_bس ا
100 1 _aسعد اسماعيل شلبى
245 1 0 _aالاصول الفنية للشعر الاندلسى - عصر الامارة /
_cسعد اسماعيل شلبى
300 _a468 ص
490 _a100 قصة
_v0
650 0 4 _aالادب العربى
650 0 4 _aالشعر الاندلسى
942 _2ddc
_cBK
999 _c43394
_d43394